EFL Promotions and Relegations Since 2000 - Statistics

General Stats
  • This quiz has been taken 162 times
    81 since last reset
  • The average score is 34 of 51
Answer Stats
Answer % Correct
Wrexham
92%
Oldham Athletic
89%
Notts County
84%
AFC Wimbledon
83%
Oxford United
83%
Carlisle United
81%
Luton Town
81%
Newport County
79%
York City
79%
Forest Green Rovers
78%
Harrogate Town
78%
Barnet
75%
Cambridge United
75%
Chester City
75%
Southend United
75%
Bristol Rovers
73%
Morecambe
73%
Bromley
71%
Grimsby Town
71%
Lincoln City
71%
Exeter City
70%
Fleetwood Town
70%
Rochdale
70%
Yeovil Town
70%
Barrow
68%
Leyton Orient
68%
Salford City
68%
Stockport County
68%
Cheltenham Town
67%
Hartlepool United
67%
Scunthorpe United
67%
Chesterfield
65%
Crawley Town
65%
Accrington Stanley
63%
Mansfield Town
63%
Tranmere Rovers
63%
Torquay United
62%
Dagenham & Redbridge
60%
Macclesfield Town
60%
Sutton United
60%
Burton Albion
59%
Stevenage
56%
Aldershot Town
52%
Shrewsbury Town
52%
Boston United
51%
Hereford United
51%
Doncaster Rovers
49%
Halifax Town
48%
Rushden & Diamonds
48%
Kidderminster Harriers
44%
Darlington
41%
No matching quizzes found
Score Distribution
Percent of People with Each Score
Percentile by Number Answered
Your Score History
You have not taken this quiz since the last reset